Obchodný podiel z pohľadu účtovného
Obchodný podiel - definícia. Nadobudnutie obchodného podielu. Vklad spoločníka pri vzniku spoločnosti. Účtovanie peňažného a nepeňažného vkladu. Účtovanie nepeňažného vkladu v podvojnom účtovníctve. Nadobudnutie obchodného podielu kúpou. Vyrovnací podiel. Podiel na likvidačnom zostatku.
Salvato in:
| Autore principale: | |
|---|---|
| Natura: | Capitolo di libro |
| Lingua: | slovacco |
| Soggetti: | |
| Tags: |
Nessun Tag, puoi essere il primo ad aggiungerne!!
|
MARC
| LEADER | 00000naa a2200000 4500 | ||
|---|---|---|---|
| 001 | 0193198 | ||
| 005 | 20231120104244.2 | ||
| 041 | 0 | |a slo | |
| 044 | |a SK | ||
| 245 | 1 | 0 | |a Obchodný podiel z pohľadu účtovného |c Ivana Hudecová |
| 520 | |a Obchodný podiel - definícia. Nadobudnutie obchodného podielu. Vklad spoločníka pri vzniku spoločnosti. Účtovanie peňažného a nepeňažného vkladu. Účtovanie nepeňažného vkladu v podvojnom účtovníctve. Nadobudnutie obchodného podielu kúpou. Vyrovnací podiel. Podiel na likvidačnom zostatku. | ||
| 610 | 2 | 0 | |a spoločnosti obchodné |
| 610 | 2 | 0 | |a imanie |
| 610 | 2 | 0 | |a podiely obchodné |
| 610 | 2 | 0 | |a účtovanie |
| 100 | 1 | |a Hudecová, Ivana | |